000 00550nam a2200205 a 4500
001 8018
003 CO-ViMGA
008 141112s2004 ck r 000 u spa d
040 _aCO-ViMGA
_bspa
_cCO-ViMGA
082 0 4 _a986.142 C377
100 1 _aVillegas, Benjamin
_9253
245 1 0 _aCerros de Bogotá
260 _aBogotá,
_cVillegas editores2002
300 _a284.p.
590 _aPrecio :
_10.000
650 1 4 _aBogotá - MEJORAMIENTO URBANO
_97619
650 1 4 _aFOTOS - CERROS
_97620
650 1 4 _aMONTAÑAS - COLOMBIA
_97621
942 _2ddc
_cBK
999 _c19841
_d19841